MDQL
is popping MORE tags! Check the
thread
!
Quizzes
Events
Quiz Creation
Community
Videos
Private Events
Remove Ads
Sign In
Join for FREE
Feedback
Dark Mode
Quiz Categories
Sports
Geography
Music
Movies
Television
Just For Fun
Miscellaneous
History
Literature
Language
Science
Gaming
Entertainment
Religion
Holiday
For Kids
Quiz Lab
Recent
Popular Today
Quiz Kudos Today
Editor Picks
Curator Picks
Quizzes by...
Day
Popularity
Type
Ratings
Length
Year
Community
Subscriptions
Recent Discussions
Orange Saloon
Badges
Playlists
Quests
Create
Leaderboards
Showdown
Live 5
Trivia Bingo
Activity
Puzzle Library
Sporcle Events
Private Events
Virtual Trivia
Globe League
Become a Host
Pub Owners
SporcleCon
Opinionation
Our Games
Videos
Blog
Mobile Apps
Partnerships
Remove Ads and Go Orange
Feedback
Television
TV Characters
TV Show
Sitcom
Network
Friends
Reality Shows
Cast
South Park
Star Trek
The Simpsons
Doctor Who
Television
TV Characters
TV Show
Sitcom
Network
Friends
Reality Shows
Cast
South Park
Star Trek
The Simpsons
Doctor Who
Random Quiz
Search Sporcle
×
Quiz Lab
Quiz Lab
Television
Emmy
Type in answers that appear in a list
Type in answers that appear in a list
Classic
Best Score? Go Orange.
Emmy Drama Series Nominees Since 1980 Stats
Can you name the Emmy Drama Series Nominees Since 1980?
By
popkiller
15m
243 Questions
794 Plays
794 Plays
794 Plays
Comments
Comments
Give Quiz Kudos
Give Quiz Kudos
-
- Ratings
hide this ad
Replay
Link that replays current quiz
Next Quiz
Link to next quiz in quiz playlist
You Got
0%
They Got
Avg Score
66%
Avg Friend Score
Upgrade to see
Score Distribution
Jump to the score distribution portion of the page
Score
0/243
Timer
15:00
0
Plays Today
Hint
Answer
% Correct
2015
GAME OF THRONES
96.9%
2016
GAME OF THRONES
96.7%
2009
Breaking Bad
96.7%
2010
Breaking Bad
96.7%
2012
Breaking Bad
96.7%
2013
BREAKING BAD
96.7%
2014
BREAKING BAD
96.7%
2011
Game of Thrones
96.4%
2012
Game of Thrones
96.4%
2013
Game of Thrones
96.4%
2014
Game of Thrones
96.4%
2018
GAME OF THRONES
96.1%
2008
MAD MEN
96.1%
2009
MAD MEN
96.1%
2010
MAD MEN
96.1%
2011
MAD MEN
96.1%
2012
Mad Men
96.1%
2013
Mad Men
96.1%
2014
Mad Men
96.1%
2019
GAME OF THRONES
95.9%
2015
Mad Men
95.3%
2006
House
93.8%
2007
House
93.8%
2008
House
93.8%
2009
House
93.8%
1999
The Sopranos
93.6%
2000
The Sopranos
93.6%
2001
The Sopranos
93.6%
2003
The Sopranos
93.6%
2004
THE SOPRANOS
93.6%
2006
The Sopranos
93.6%
2007
THE SOPRANOS
93.6%
2012
Downton Abbey
92.5%
2013
Downton Abbey
92.5%
2014
Downton Abbey
92.5%
2015
Downton Abbey
92.5%
2016
Downton Abbey
91.7%
2013
House of Cards
91.5%
2014
House of Cards
91.5%
2022
SUCCESSION
91.1%
2015
House of Cards
91.1%
2021
The Mandalorian
90.9%
1995
ER
90.4%
1996
ER
90.4%
1997
ER
90.3%
1998
ER
90.3%
1999
ER
90.3%
2000
ER
90.3%
2001
ER
90.3%
2016
House of Cards
90.2%
2018
The Handmaid's Tale
90.2%
2020
Better Call Saul
89.9%
2017
THE HANDMAID'S TALE
89.8%
1992
Law & Order
89.6%
1993
Law & Order
89.6%
1994
Law & Order
89.6%
1995
Law & Order
89.6%
1996
Law & Order
89.6%
1997
LAW & ORDER
89.6%
1998
Law & Order
89.6%
1999
Law & Order
89.6%
2000
Law & Order
89.6%
2001
Law & Order
89.6%
2002
Law & Order
89.6%
2017
House of Cards
89.4%
2019
Better Call Saul
89.3%
2020
The Handmaid's Tale
89.3%
2020
The Mandalorian
89.3%
2021
The Handmaid's Tale
89.2%
2015
Homeland
88.4%
2000
THE WEST WING
88.3%
2001
THE WEST WING
88.3%
2002
THE WEST WING
88.3%
2003
THE WEST WING
88.3%
2004
The West Wing
88.3%
2005
The West Wing
88.3%
2006
The West Wing
88.3%
2005
LOST
88.2%
2008
Lost
88.2%
2009
Lost
88.2%
2010
Lost
88.2%
Hint
Answer
% Correct
2016
Homeland
87.7%
2012
HOMELAND
87.4%
2013
Homeland
87.4%
2022
Better Call Saul
87.3%
2020
SUCCESSION
87.1%
2015
Better Call Saul
87%
2002
24
86.8%
2003
24
86.8%
2004
24
86.8%
2005
24
86.8%
2006
24
86.8%
2017
Better Call Saul
86.7%
2016
Better Call Saul
86.7%
2021
This is Us
86.6%
2019
This is Us
86.6%
2018
This Is Us
86.2%
2021
THE CROWN
86.2%
2017
This is Us
85.8%
2020
The Crown
85%
2019
Killing Eve
83.9%
2020
Killing Eve
83.1%
2002
Six Feet Under
82.8%
2003
Six Feet Under
82.8%
2005
Six Feet Under
82.8%
1994
NYPD Blue
82.5%
1995
NYPD BLUE
82.5%
1996
NYPD Blue
82.5%
1997
NYPD Blue
82.5%
1998
NYPD Blue
82.5%
1999
NYPD Blue
82.5%
2019
Succession
82.2%
2002
CSI: Crime Scene Investigation
82.2%
2003
CSI: Crime Scene Investigation
82.2%
2004
CSI: Crime Scene Investigation
82.2%
2018
The Crown
81.6%
2009
Dexter
81.5%
2015
Orange is the New Black
81.2%
1998
THE PRACTICE
80.9%
1999
THE PRACTICE
80.9%
2000
The Practice
80.9%
2001
The Practice
80.9%
2008
Dexter
80.9%
2010
Dexter
80.9%
2011
Dexter
80.9%
2017
The Crown
80.1%
2006
Grey's Anatomy
78.9%
2007
Grey's Anatomy
78.9%
2011
Boardwalk Empire
78.2%
2012
Boardwalk Empire
78.2%
2020
Stranger Things
77.6%
1981
HILL STREET BLUES
76.4%
1982
HILL STREET BLUES
76.4%
1983
HILL STREET BLUES
76.4%
1984
HILL STREET BLUES
76.4%
1985
Hill Street Blues
76.4%
1986
Hill Street Blues
76.4%
2019
Ozark
76.4%
2018
Stranger Things
76.4%
2010
The Good Wife
76.3%
2011
The Good Wife
76.3%
2020
Ozark
76.1%
2022
Stranger Things
75.9%
2007
Boston Legal
75.8%
2008
Boston Legal
75.8%
2017
Stranger Things
75.5%
2005
Deadwood
75%
1987
L.A. LAW
73.9%
1988
L.A. Law
73.9%
1989
L.A. LAW
73.9%
1990
L.A. LAW
73.9%
1991
L.A. LAW
73.9%
1992
L.A. Law
73.9%
2018
The Americans
73.7%
2008
Damages
73.6%
2009
Damages
73.6%
2018
Westworld
73.5%
2017
Westworld
73.4%
2016
Mr. Robot
72.5%
1995
The X-Files
72.4%
1996
The X-Files
72.4%
1997
The X-Files
72.4%
Hint
Answer
% Correct
1998
The X-Files
72.4%
2016
The Americans
71.5%
1993
PICKET FENCES
71.5%
1994
PICKET FENCES
71.5%
2022
Ozark
69.6%
2022
Yellowjackets
69.6%
1988
THIRTYSOMETHING
68.7%
1989
thirtysomething
68.7%
1990
thirtysomething
68.7%
1991
thirtysomething
68.7%
2022
Severance
67.1%
1995
Chicago Hope
67%
1996
Chicago Hope
67%
1997
Chicago Hope
67%
1983
St. Elsewhere
66.4%
1984
St. Elsewhere
66.4%
1985
St. Elsewhere
66.4%
1986
St. Elsewhere
66.4%
1987
St. Elsewhere
66.4%
1988
St. Elsewhere
66.4%
1983
Cagney & Lacey
66%
1984
Cagney & Lacey
66%
1985
CAGNEY & LACEY
66%
1986
CAGNEY & LACEY
66%
1987
Cagney & Lacey
66%
2019
Pose
64.2%
1980
Dallas
63.4%
1981
Dallas
63.4%
2021
Pose
63.4%
2010
True Blood
62.8%
2011
Friday Night Lights
62.5%
2021
The Boys
62.1%
1990
Twin Peaks
61.9%
1985
Murder, She Wrote
61.4%
1986
Murder, She Wrote
61.4%
1987
Murder, She Wrote
61.4%
2014
True Detective
61%
2019
Bodyguard
60.1%
1982
Dynasty
60%
1989
China Beach
60%
1990
China Beach
60%
1991
China Beach
60%
2021
Lovecraft Country
59.5%
1980
LOU GRANT
58.9%
1981
Lou Grant
58.9%
1982
Lou Grant
58.9%
1991
Northern Exposure
58.2%
1992
NORTHERN EXPOSURE
58.2%
1993
Northern Exposure
58.2%
1994
Northern Exposure
58.2%
2007
Heroes
55.4%
1982
Magnum, P.I.
54.8%
1983
Magnum, P.I.
54.8%
1984
Magnum, P.I.
54.8%
2021
Bridgerton
54.7%
1994
Star Trek: The Next Generation
53.2%
2009
Big Love
52.5%
1985
Miami Vice
51.5%
1990
Quantum Leap
49.4%
1991
Quantum Leap
49.4%
1992
Quantum Leap
49.4%
1986
Moonlighting
47.9%
1987
Moonlighting
47.9%
2004
Joan of Arcadia
47.6%
1980
The Rockford Files
47.3%
2022
Squid Game
46.8%
1992
I'll Fly Away
46.4%
1993
I'll Fly Away
46.4%
1982
Fame
45.5%
1983
Fame
45.5%
1984
Fame
45.5%
1988
Beauty and the Beast
44.1%
1989
Beauty and the Beast
44.1%
1980
Family
41.4%
2022
Euphoria
39.2%
1980
The White Shadow
37.3%
1981
The White Shadow
37.3%
1989
Wiseguy
36.6%
1981
Quincy, M.E.
34.1%
1993
Homefront
33.2%
1988
Rumpole of the Bailey
31.3%
Quiz Playlist
Details
Report
Send in Message
Add To Playlist
Classic:
Type in answers that appear in a list
Last Updated: Sep 18, 2017
Quiz Scoreboard
CHALLENGE
Sign Up to Join the Scoreboard
Show All
Scores
Hide
Comments
May contain spoilers
Recently Published
Colored Red Africa Blitz
by spor1
Geography
30s
Find the 'City' Movie
by crazypaving
Movies
60s
5x2 Blitz: Bands
by SL_Kpop136
Music
30s
More to Explore
Quiz From the Vault
Featured Blog Post
14 Easter Pick-up Lines to Find Eggs With
hide this ad
You Might Also Like...
Tags
Award Shows
Awards Winners
Drama
Emmy
Today's Top Quizzes in Television
Browse Television
hide this ad
Today's Top Quizzes in Emmy
Browse Emmy
Top Contributed Quizzes in Television
1
Survivor Journey Challenge
2
Brooklyn Nine Nine Logic Puzzle (How-To-Play)
3
Total Drama Characters
4
Phoebe Buffay Quotes
5
Survivor Trivia
6
Survivor Logic Puzzle: Heroes vs. Villains
7
Emmerdale Characters (from August 2012)
8
One Tree Hill Logic Puzzle
9
Adjectives in 00s TV Shows
10
All US Survivor Seasons in Order
Explore More
Trending Topics
Harry Potter
Disney
Marvel
NBA
Anime
Kpop
Crossword
Song
Country
Soccer
WWE
Puzzle
NFL
The Office
Pokémon
hide this ad
More By:
popkiller
Quiz
Plays
Rating
Category
Featured
Created
Origins of 20 Alternative Band Names
35,990
4.78
Music
Feb 27, 2015
Lesser Known Bands (1990s)
20,613
4.47
Music
Sep 10, 2013
10 to 1 Countdown: 90s Alt Rock Edition
5,353
4.13
Music
Jun 27, 2014
Origins of 25 Alternative Band Names 2
4,658
4.59
Music
Mar 16, 2015
12 to 1 Countdown: Star Wars Edition
4,299
4.74
Movies
Dec 17, 2015
Go to Creator's Profile
Score Distribution
Quiz Creator Spotlight
popkiller
Follow
Send a Message
Quizzes Created
-
Created Quiz Play Count
-
More By This Creator
Popular Quizzes Today
1
Colored Red Africa Blitz
2
Find the 'City' Movie
3
Find the US States - No Outlines Minefield
4
5x2 Blitz: Bands
5
The Countries of the World
6
Find the US States
7
US States
8
Find the Countries of Europe - No Outlines Minefield
More Television Quizzes
Female Blondes on TV
Published
Trending Quizzes
Colored Red Europe Blitz I
Colored Red Europe Blitz II
Colored Red Africa Blitz II
Colored Red Europe Blitz III
Colored Red Africa Blitz III
Recently Updated
How Do You Spell That?
pecheneg
Godzilla Movies
pecheneg
Grab Bag: 4-10 Letters
pecheneg
2024 March Madness Bracket
pecheneg
Famous TV Couples
Peacemaker
Champions League XIs: Real Madrid
pecheneg
Largest US Cities 1790-2010
pecheneg
Rides in Walt Disney World
pecheneg
Most Oscar Losses (Acting)
pecheneg
Beyoncé Albums
pecheneg
Trending Topics
Crossword
NBA
Disney
Marvel
Kpop
Harry Potter
Anime
Puzzle
Country
Pokémon
The Office
Soccer
NFL
Song
WWE
Your Account Isn't Verified!
In order to create a playlist on Sporcle, you need to verify the email address you used during registration. Go to your
Sporcle Settings
to finish the process.
Report this User
Report this user for behavior that violates our
Community Guidelines
.
Details:
Send Report
Go to the Sporcle.com Mobile Site →
Comments